|
|
|
|
| LEADER |
01335nam a2200289 a 4500 |
| 001 |
4469272 |
| 003 |
BD-DhAAL |
| 005 |
20250417105744.0 |
| 008 |
090614s1996 nyua b 001 0 eng d |
| 010 |
|
|
|a 96004753
|
| 020 |
|
|
|a 0195108248 (acid-free paper)
|
| 040 |
|
|
|a DNLM/DLC
|c DLC
|d DLC
|d BD-DhAAL
|
| 082 |
0 |
0 |
|a 338.4/33621
|2 20
|
| 245 |
0 |
0 |
|a Cost-effectiveness in health and medicine /
|c edited by Marthe R. Gold ... [et al.].
|
| 260 |
|
|
|a New York :
|b Oxford University Press,
|c 1996.
|
| 300 |
|
|
|a xxiii, 425 pages :
|b illustrations ;
|c 24 cm.
|
| 504 |
|
|
|a Includes bibliographical references and index.
|
| 526 |
|
|
|x Salim khan
Sr. program Associate
James P. Grant School.
Course name and no. N/A
|
| 541 |
1 |
|
|a Karim International
|e 00018578
|
| 650 |
|
0 |
|a Medical care
|x Cost effectiveness
|x Research
|x Methodology.
|9 58036
|
| 650 |
1 |
2 |
|a Cost-Benefit Analysis.
|9 58037
|
| 650 |
2 |
2 |
|a Health Care Costs.
|9 58038
|
| 700 |
1 |
|
|a Gold, Marthe R.
|9 58039
|
| 852 |
4 |
|
|a Ayesha Abed Library
|j General Shelf.
|
| 942 |
|
|
|2 ddc
|c BK
|
| 999 |
|
|
|c 2011
|d 2011
|
| 952 |
|
|
|0 0
|1 0
|2 ddc
|4 0
|6 338_433621000000000_COS_1996
|7 0
|9 1848
|a BRACUL
|b BRACUL
|c GEN
|d 2009-07-05
|e Karim International
|g 3630.00
|l 0
|o 338.433621 COS
|p 3010018578
|r 2009-07-05
|t 1
|w 2009-07-05
|y BK
|x Requisitioned by Salim khan, Sr. program Associate, James P. Grant School. Course name and no. N/A
|